Statistics for #1 Hits of 2022

Click here to take the quiz!

General Stats

  • This quiz has been taken 18 times
  • The average score is 8 of 14

Answer Stats

SongArtist% Correct
Anti-HeroTaylor Swift
94%
As It WasHarry Styles
88%
Easy on MeAdele
76%
UnholySam Smith & Kim Petras
76%
About Damn TimeLizzo
71%
All I Wand for Christmas Is YouMariah Carey
71%
Heat WavesGlass Animals
59%
First ClassJack Harlow
59%
We Don't Talk About BrunoEncanto Cast
53%
Jimmy CooksDrake ft. 21 Savage
47%
Break My SoulBeyonce
41%
Super Freaky GirlNicki Minaj
35%
Bad HabitSteve Lacy
35%
Wait for UFuture ft Drake and Tems
6%

Score Distribution

Percentile by Number Answered

Percent of People with Each Score

Your Score History

You have not taken this quiz